00744nam a22002177a 4500999001900000005001700019010001500036020002400051035001400075037001300089082000800102100001100110245011000121250000600231260005400237270006200291300002000353700001200373942002200385952011900407 c191662d19166220220831120155.0 aENG-134825 c1000.00a8193623509 aEN-118357 bDBAD/PUB a780 aShruti aThe Celenatic experience:bCelebrating 225 years legacy of Sri Muthuswamy Deekshitar/cShruti and Sahana  a  aChennai bOpen Mind Music Management P Ltd.c2017 bChennaia1,VGN,Street ,Devaraj Nagar , Saligramame600093 a112p.c24cm(hb) aSahana  2ddccENh780mSHR 001040718REFaAVbAVd2022-08-31eDBAD/PUBg1000.00l0o780 SHRpEN-118357r2022-08-31 00:00:00t1v1000.00yEN